Advances In Filament Yarn Spinning Of Textiles And Polymers (Record no. 34777)

MARC details
000 -LEADER
fixed length control field 00416nam a22001697a 4500
003 - CONTROL NUMBER IDENTIFIER
control field OSt
005 - DATE AND TIME OF LATEST TRANSACTION
control field 20220414145717.0
008 - FIXED-LENGTH DATA ELEMENTS--GENERAL INFORMATION
fixed length control field 220414b |||||||| |||| 00| 0 eng d
020 ## - INTERNATIONAL STANDARD BOOK NUMBER
International Standard Book Number 0857094998
040 ## - CATALOGING SOURCE
Transcribing agency HU
082 ## - DEWEY DECIMAL CLASSIFICATION NUMBER
Classification number 677.028
100 ## - MAIN ENTRY--PERSONAL NAME
Personal name Advances
9 (RLIN) 30658
245 ## - TITLE STATEMENT
Title Advances In Filament Yarn Spinning Of Textiles And Polymers
260 ## - PUBLICATION, DISTRIBUTION, ETC.
Place of publication, distribution, etc. New York
Name of publisher, distributor, etc. New York
300 ## - PHYSICAL DESCRIPTION
Type of unit 210
942 ## - ADDED ENTRY ELEMENTS (KOHA)
Source of classification or shelving scheme Dewey Decimal Classification
Koha item type Books like text book referance book
Suppress in OPAC No
Holdings
Withdrawn status Lost status Source of classification or shelving scheme Damaged status Not for loan Home library Current library Shelving location Date acquired Total Checkouts Full call number Barcode Date last seen Copy number Price effective from Koha item type
    Dewey Decimal Classification     IoT Library IoT Library General Stacks 04/14/2022   677.028/ADV/2014 IOTL0020858 04/14/2022 1 04/14/2022 Books like text book referance book
    Dewey Decimal Classification     IoT Library IoT Library General Stacks 01/25/2023   677.028/ADV/2014 IOTL0022301 01/25/2023 2 01/25/2023 Books like text book referance book
    Dewey Decimal Classification     IoT Library IoT Library General Stacks 01/25/2023   677.028/ADV/2014 IOTL0022302 01/25/2023 3 01/25/2023 Books like text book referance book
    Dewey Decimal Classification     IoT Library IoT Library General Stacks 01/25/2023   677.028/ADV/2014 IOTL0022303 01/25/2023 4 01/25/2023 Books like text book referance book
    Dewey Decimal Classification     IoT Library IoT Library General Stacks 01/25/2023   677.028/ADV/2014 IOTL0022304 01/25/2023 5 01/25/2023 Books like text book referance book